Tratado de economía política
Gespeichert in:
| 1. Verfasser: | |
|---|---|
| Format: | Buch |
| Sprache: | Spanisch |
| Veröffentlicht: |
Barcelona
Bosch
1935
|
| Schlagworte: | |
| Tags: |
Tag hinzufügen
Keine Tags, Fügen Sie den ersten Tag hinzu!
|
MARC
| LEADER | 00000nam a2200000 a 4500 | ||
|---|---|---|---|
| 001 | UCR7596 | ||
| 003 | CL-VaPUC | ||
| 008 | 980519e19350000SP |||||||||||||||||spa|d | ||
| 082 | 0 | 4 | |a 330.1 |b WEB |2 21 |
| 100 | 0 | |a Weber, Adolf |e author |9 408910 | |
| 245 | 1 | 0 | |a Tratado de economía política |
| 300 | |a 4 v | ||
| 942 | |c BK | ||
| 945 | |d 19980519 00:00:00 |a crobeson | ||
| 260 | |a Barcelona |b Bosch |c 1935 | ||
| 500 | |a v.1: Introducción al estudio de la economía política | ||
| 500 | |a v.2: Teoría general de la política económica | ||
| 500 | |a v.3: Política agraria, de las artes y oficios e industrial | ||
| 500 | |a v.4: Política comercial y de los transportes | ||
| 650 | 0 | |a Economía política |9 255814 | |
| 650 | 0 | |a Economía |9 255568 | |
| 650 | 0 | |a Teoría económica |9 315055 | |
| 650 | 7 | |a POLITICA AGRARIA |2 CL-VaPUC |9 264314 | |
| 650 | 0 | |a Comercio |9 255341 | |
| 650 | 7 | |a TRANSPORTE |2 CL-VaPUC |9 256365 | |
| 583 | |a last modification |c 19980519 00:00:00 |k Rodrigo Vera | ||
| 999 | |c 269187 |d 269185 | ||
| 952 | |0 0 |1 0 |4 0 |6 330_100000000000000_WEB_1935 |7 0 |8 P |9 302864 |a BIBENE |b BIBENE |d 2019-11-20 |h v.1 |i 1995480 |o 330.1 WEB 1935 |p 1995480 |r 2025-01-15 |w 2019-11-20 |y BK |k ICO | ||
| 952 | |0 0 |1 0 |4 0 |6 330_100000000000000_WEB_1935 |7 0 |8 P |9 302865 |a BIBENE |b BIBENE |d 2019-11-20 |h v.2 |i 1995499 |o 330.1 WEB 1935 |p 1995499 |r 2025-01-15 |w 2019-11-20 |y BK |k ICO | ||
| 952 | |0 0 |1 0 |4 0 |6 330_100000000000000_WEB_1935 |7 0 |8 P |9 302866 |a BIBENE |b BIBENE |d 2019-11-20 |h v.3 |i 1995502 |o 330.1 WEB 1935 |p 1995502 |r 2025-01-15 |w 2019-11-20 |y BK |k ICO | ||
| 952 | |0 0 |1 0 |4 0 |6 330_100000000000000_WEB_1935 |7 0 |8 P |9 302867 |a BIBENE |b BIBENE |d 2019-11-20 |h v.4 |i 1995510 |o 330.1 WEB 1935 |p 1995510 |r 2025-01-15 |w 2019-11-20 |y BK |k ICO | ||